000 00215nam a2200085Ia 4500
245 0 _aPortrait in death
100 _a Robb, J. D Oxford, 2009
_986363
942 _cBK
008 210817s9999 xx 000 0 und d
999 _c329774
_d329773